00285nam a2200121Ia 4500008004100000041000900041082001700050100001800067245002700085260003500112300000800147650000800155230718s9999 xx 000 0 und d aEng. a314.5bMAH-M aMahmood iqbal 0aMedical Jusispreduence aPakistanbImran law bookc2011 a376 aLaw